000 00582nam a2200193Ia 4500
005 20260114185552.0
008 008 260114s9999 xx 000 0 eng d
020 _a9781350173224
037 _aEBOOK
040 _aCRL
_beng
_cCRL
041 _aeng
_2eng
084 _qCRL
100 _aSean Heath
_9871674
245 0 _aSacral Kingship in Bourbon France The Cult of Saint Louis, 1589 - 1830
260 _bBloomsbury
_c2021
856 _uhttps://doi.org/10.5040/9781350173224?locatt=label:secondary_bloomsburyCollections
942 _cEBOOK
999 _c1470622
_d1470622